| 000 | 01188nam a22003497a 4500 | ||
|---|---|---|---|
| 003 | CHAP | ||
| 005 | 20220329135938.0 | ||
| 008 | 971013s1978 r 00010 d | ||
| 010 | _a44512 | ||
| 011 | _a45484 | ||
| 035 | _a49623 | ||
| 040 | _cCHAP | ||
| 082 |
_a517 _bS3 1978 |
||
| 100 | 0 | 0 |
_aSalas, Saturnino L. _9101345 |
| 245 |
_aCalculus _b: one and several variables with analytic geometry |
||
| 250 | _a3 ed. | ||
| 260 |
_aNew York : _bWiley, _c1978 |
||
| 300 | _a2v. | ||
| 590 |
_aBATCH-UPD _b10 _c20130110 _lUCH01 _h1539 |
||
| 590 |
_aBATCH-UPD _b10 _c20130410 _lUCH01 _h0942 |
||
| 590 |
_aBATCH-UPD _b10 _c20130914 _lUCH01 _h0951 |
||
| 590 |
_aCONVERSION _b10 _c20130109 _lUCH01 _h1324 |
||
| 650 | 1 | 4 |
_aCálculo. _923990 |
| 650 | 1 | 4 |
_aGeometría analítica. _947654 |
| 700 | 0 |
_aHille, Einar. _955448 |
|
| 901 | _aBK | ||
| 942 | _cLIBRO | ||
| 949 |
_a517 S3 1978 _bBC _cLIBRO _d33724000386322 _eLIBRO _fv.1 c.2 _h55989 _i49623 _si |
||
| 949 |
_a517 S3 1978 _bBC _cLIBRO _d33724000386330 _eLIBRO _fv.2 c.2 _h55990 _i49623 _si |
||
| 949 |
_a517 S3 1978 _bBC _cLIBRO _d33724000386348 _eLIBRO _fv.1 _h55639 _i49623 _si |
||
| 949 |
_a517 S3 1978 _bBC _cLIBRO _d33724000404455 _eLIBRO _fv.2 _h55640 _i49623 _si |
||
| 999 |
_c44512 _d44512 |
||